000 00751nam a22002177a 4500
003 UA-OsUOA
001 40080
007 ta
008 20060711b un ||||| |||| 00| 0 ukr d
100 _aЦвєткова Н.
090 _a657
_bЦ27
942 _cSA
040 _aUA-OsUOA
_bukr
_cUA-OsUOA
_dUA-OsUOA
245 _aБухгалтерський облік інформації за сегментами: методологія, організація, звітність
300 _aС.17-22
955 _a0
041 _aukr
080 _a657
773 0 _w40079
_tБухгалтерський облік і аудит
_dК.
_d2006
_g6
650 7 _a657 Бухгалтерія. Бухгалтерський облік. Рахівництво
_2UDC
999 _c326221
_d326221